[Event "27th Rilton Cup"]
[Site "Stockholm SWE"]
[Date "1998.??.??"]
[Round "5.13"]
[White "Holmsten, Aleksei"]
[Black "Hector, Jonny"]
[Result "0-1"]
[WhiteElo "2355"]
[BlackElo "2470"]
[EventDate "1997.12.??"]
[PlyCount "86"]

1.e4 e5 2.Nf3 Nc6 3.Bb5 a6 4.Ba4 Nf6 5.O-O Bc5 6.c3 b5 7.Bb3 d6 8.d4 Bb6 
9.h3 Bb7 10.Re1 O-O 11.Bg5 h6 12.Bh4 Qe7 13.a4 Na5 14.Ba2 c5 15.Nbd2 cxd4 
16.cxd4 Nc6 17.dxe5 Nxe5 18.Nf1 Nxf3+ 19.Qxf3 g5 20.Bd5 Nxd5 21.exd5 Qd8 
22.Bg3 f5 23.Re6 Rf6 24.Rae1 f4 25.Re7 Qc8 26.Qd3 Qf5 27.Qxf5 Rxf5 28.Rxb7
fxg3 29.Nxg3 Bxf2+ 30.Kh2 Rxd5 31.Rf1 Rf8 32.Ne4 Bd4 33.Rxf8+ Kxf8 34.g4 
Bxb2 35.Kg2 Be5 36.axb5 Rxb5 37.Ra7 Rb4 38.Kf3 Rb3+ 39.Kg2 Re3 40.Nf2 Rg3+
41.Kf1 Bd4 42.Ra8+ Ke7 43.Ne4 Re3 0-1

[Event "27th Rilton Cup"]
[Site "Stockholm SWE"]
[Date "1998.??.??"]
[Round "5.14"]
[White "Cramling, Dan"]
[Black "Eriksson, Johan"]
[Result "1-0"]
[WhiteElo "2445"]
[BlackElo "2315"]
[EventDate "1997.12.??"]
[PlyCount "81"]

1.c4 g6 2.e4 Bg7 3.d4 d6 4.Nc3 Nf6 5.Be2 O-O 6.Nf3 e5 7.d5 Na6 8.Be3 Nc5 
9.Nd2 a5 10.a3 Nfd7 11.b4 axb4 12.axb4 Rxa1 13.Qxa1 Na6 14.Qa3 f5 15.Nb3 
Nf6 16.Bg5 h6 17.Bxf6 Qxf6 18.c5 fxe4 19.Nxe4 Qf7 20.Nbd2 Kh8 21.Bc4 c6 
22.O-O cxd5 23.Nxd6 Qe6 24.b5 dxc4 25.bxa6 bxa6 26.N2xc4 Qd5 27.Nb6 Qd4 
28.Nbxc8 e4 29.Qe3 a5 30.Nb6 a4 31.Nbc4 Qd5 32.Qxe4 Qxc5 33.Qxg6 Qd5 34.
Ne8 Bd4 35.Qxh6+ Kg8 36.Qg6+ Kh8 37.Qh6+ Kg8 38.Qg6+ Kh8 39.Qd6 Qxd6 40.
Nexd6 Ra8 41.Nb5 1-0

[Event "27th Rilton Cup"]
[Site "Stockholm SWE"]
[Date "1998.??.??"]
[Round "5.15"]
[White "Bator, Robert"]
[Black "Carlson, Mats"]
[Result "1/2-1/2"]
[WhiteElo "2430"]
[BlackElo "2305"]
[EventDate "1997.12.??"]
[PlyCount "71"]

1.d4 Nf6 2.Nf3 g6 3.c4 Bg7 4.g3 O-O 5.Bg2 d6 6.O-O Nbd7 7.Nc3 e5 8.h3 Re8 
9.e4 exd4 10.Nxd4 Nc5 11.Re1 Bd7 12.Bf4 Qc8 13.Kh2 h5 14.b4 Ne6 15.Nxe6 
Bxe6 16.Nd5 h4 17.Nxf6+ Bxf6 18.Rc1 Be5 19.Bxe5 dxe5 20.gxh4 Qd8 21.h5 
Qxd1 22.Rexd1 gxh5 23.Bf3 a5 24.b5 h4 25.Bg4 Rad8 26.Bxe6 fxe6 27.Rg1+ Kf7
28.Rg4 Rd2 29.Rxh4 Rxf2+ 30.Kg1 Rf4 31.Rh7+ Kf6 32.Rxc7 Rg8+ 33.Kh1 Rxe4 
34.Rxb7 Rf4 35.Rd7 e4 36.Rd4 1/2-1/2

[Event "27th Rilton Cup"]
[Site "Stockholm SWE"]
[Date "1998.??.??"]
[Round "5.16"]
[White "Ornstein, Axel"]
[Black "Oestergaard, Dan"]
[Result "1-0"]
[WhiteElo "2430"]
[BlackElo "2265"]
[EventDate "1997.12.??"]
[PlyCount "39"]

1.d4 Nf6 2.Nf3 g6 3.Bg5 Bg7 4.Nbd2 d5 5.e3 Nbd7 6.Be2 c5 7.c3 O-O 8.O-O 
Qb6 9.Qb3 Re8 10.Rfe1 e5 11.Bxf6 Bxf6 12.Qxd5 Qxb2 13.Nc4 Qxc3 14.Rec1 Qb4
15.Rab1 Qa4 16.dxe5 Bg7 17.Nd6 Nxe5 18.Nxe5 Rxe5 19.Qxf7+ Kh8 20.Bc4 1-0

[Event "27th Rilton Cup"]
[Site "Stockholm SWE"]
[Date "1998.??.??"]
[Round "5.20"]
[White "Nouro, Mikael"]
[Black "Furhoff, Johan"]
[Result "1-0"]
[WhiteElo "2315"]
[BlackElo "2360"]
[EventDate "1997.12.??"]
[PlyCount "57"]

1.e4 e5 2.Nf3 Nc6 3.Nc3 Nf6 4.Bb5 Nd4 5.Ba4 Bc5 6.Nxe5 O-O 7.Nd3 Bb6 8.e5 
Ne8 9.Nd5 d6 10.Ne3 dxe5 11.Nxe5 Qg5 12.N5c4 f5 13.f4 Qxf4 14.c3 Qh4+ 15.
g3 Qe4 16.O-O f4 17.cxd4 fxe3 18.Rxf8+ Kxf8 19.dxe3 Be6 20.Bc2 Qd5 21.Nxb6
axb6 22.e4 Qd7 23.d5 Bg4 24.Qd4 Bf3 25.Bf4 Nf6 26.Rf1 Qg4 27.Qf2 Be2 28.h3
Qh5 29.g4 1-0

[Event "27th Rilton Cup"]
[Site "Stockholm SWE"]
[Date "1998.??.??"]
[Round "6.2"]
[White "Chernin, Alexander"]
[Black "Bezold, Michael"]
[Result "0-1"]
[WhiteElo "2640"]
[BlackElo "2490"]
[EventDate "1997.12.??"]
[PlyCount "119"]

1.d4 d6 2.e4 Nf6 3.Bd3 e5 4.c3 Nbd7 5.Nf3 g6 6.O-O Bg7 7.Re1 O-O 8.Nbd2 b6
9.Nf1 Bb7 10.Ng3 Re8 11.Bc2 a6 12.d5 Qb8 13.b4 c6 14.dxc6 Bxc6 15.Bb3 b5 
16.Ng5 Re7 17.h4 h6 18.Nf3 h5 19.Bg5 Nb6 20.Qd3 Raa7 21.Rad1 Rad7 22.Nd2 
Re8 23.Qf3 Nh7 24.Be3 Bf6 25.Nxh5 gxh5 26.Qxh5 Bg7 27.Bxb6 Qxb6 28.Re3 d5 
29.Rg3 Qd8 30.exd5 Bxd5 31.Qg4 f5 32.Bxd5+ Kh8 33.Qg6 Ree7 34.c4 bxc4 35.
Bxc4 Rxd2 36.Rxd2 Qxd2 37.Qxf5 e4 38.Qc8+ Nf8 39.Rg5 Qd1+ 40.Kh2 Re5 41.
Bb3 Qd6 42.Rg3 e3 43.Qg4 Qc7 44.fxe3 Rxe3 45.Kh3 Re1 46.Kh2 Re3 47.Kh3 Re1
48.Kh2 Nh7 49.Qg6 Qa7 50.Qd3 Qg1+ 51.Kh3 Nf6 52.Qd8+ Re8 53.Qd1 Qb6 54.Rd3
Qxb4 55.Rd8 Qe7 56.Rxe8+ Qxe8 57.Qf3 Ne4 58.Qf7 Nd6 59.Qe6 Qf8 60.g3 0-1

[Event "27th Rilton Cup"]
[Site "Stockholm SWE"]
[Date "1998.??.??"]
[Round "6.3"]
[White "Aakesson, Ralf"]
[Black "Wedberg, Tom"]
[Result "1/2-1/2"]
[WhiteElo "2520"]
[BlackElo "2485"]
[EventDate "1997.12.??"]
[PlyCount "64"]

1.d4 Nf6 2.c4 e6 3.Nc3 Bb4 4.Qc2 O-O 5.a3 Bxc3+ 6.Qxc3 b6 7.Bg5 Bb7 8.e3 
h6 9.Bh4 d6 10.f3 Nbd7 11.Bd3 c5 12.Ne2 Rc8 13.b4 d5 14.dxc5 bxc5 15.b5 
Ne4 16.Bxd8 Nxc3 17.Ba5 Ne5 18.Bxc3 Nxd3+ 19.Kd2 dxc4 20.Ba5 f5 21.Kc3 Bd5
22.Nf4 Nxf4 23.exf4 g5 24.fxg5 hxg5 25.h3 Rf7 26.Rhe1 Rg7 27.Re3 g4 28.
hxg4 fxg4 29.fxg4 Rxg4 30.g3 Kf7 31.Rf1+ Ke7 32.Rf4 Rxf4 1/2-1/2

[Event "27th Rilton Cup"]
[Site "Stockholm SWE"]
[Date "1998.??.??"]
[Round "6.5"]
[White "Agrest, Evgenij"]
[Black "Degerman, Lars"]
[Result "1/2-1/2"]
[WhiteElo "2505"]
[BlackElo "2485"]
[EventDate "1997.12.??"]
[PlyCount "89"]

1.c4 c5 2.Nf3 Nc6 3.d4 cxd4 4.Nxd4 Qb6 5.Nb3 e6 6.Nc3 Bb4 7.Be3 Qc7 8.Bd2 
a6 9.Rc1 Nf6 10.g3 Ne5 11.Bg2 Be7 12.Na4 O-O 13.O-O d6 14.Ba5 Qb8 15.Nb6 
Ra7 16.Nd4 Ned7 17.b4 Nxb6 18.Bxb6 Ra8 19.Nb3 Nd7 20.Be3 Qc7 21.a4 Nf6 22.
a5 Bd7 23.Bb6 Qb8 24.Nd4 Rc8 25.Qd2 Be8 26.Qe3 Bd8 27.Qf3 d5 28.c5 Bxb6 
29.axb6 a5 30.b5 Ne4 31.Qe3 Nxc5 32.Rxc5 Rxc5 33.Nxe6 Rc8 34.Nc7 Rxc7 35.
bxc7 Qxc7 36.b6 Qd6 37.Qd4 Bc6 38.e4 Qb4 39.Qxb4 axb4 40.exd5 Bb5 41.Re1 
Kf8 42.d6 b3 43.Bxb7 Rb8 44.Bd5 Rxb6 45.Bxb3 1/2-1/2

[Event "27th Rilton Cup"]
[Site "Stockholm SWE"]
[Date "1998.??.??"]
[Round "6.6"]
[White "Hermansson, Emil"]
[Black "Gdanski, Jacek"]
[Result "1/2-1/2"]
[WhiteElo "2275"]
[BlackElo "2505"]
[EventDate "1997.12.??"]
[PlyCount "87"]

1.e4 g6 2.d4 Bg7 3.Nc3 d6 4.f4 a6 5.Nf3 b5 6.Bd3 Nd7 7.e5 e6 8.Ne4 Nb6 9.
a4 Nxa4 10.c4 d5 11.cxb5 dxe4 12.Bxe4 Nb6 13.Bxa8 Nxa8 14.bxa6 Ne7 15.O-O 
O-O 16.g4 Qd5 17.Qc2 Qd8 18.Bd2 Re8 19.Be1 Nd5 20.Bh4 Qd7 21.Qd2 Qb5 22.
Ra5 Qb6 23.Rfa1 Bf8 24.f5 Qb3 25.Qf2 Nf4 26.Ng5 Nh3+ 27.Nxh3 Qxh3 28.fxg6 
Qxg4+ 29.Kh1 Qe4+ 30.Kg1 Qg4+ 31.Kh1 Qe4+ 32.Kg1 Qxg6+ 33.Kh1 Qe4+ 34.Qg2+
Qxg2+ 35.Kxg2 Nb6 36.Kf2 f5 37.exf6 Kf7 38.Bg3 c6 39.Be5 Bb4 40.R5a2 Bd7 
41.Rg1 Bf8 42.Rg3 Nd5 43.Ra1 Ra8 44.a7 1/2-1/2

[Event "27th Rilton Cup"]
[Site "Stockholm SWE"]
[Date "1998.??.??"]
[Round "6.7"]
[White "Hellsten, Johan"]
[Black "Brynell, Stellan"]
[Result "1-0"]
[WhiteElo "2495"]
[BlackElo "2465"]
[EventDate "1997.12.??"]
[PlyCount "85"]

1.d4 e6 2.c4 Nf6 3.Nf3 d5 4.Nc3 Bb4 5.e3 O-O 6.Bd3 c5 7.O-O Nc6 8.a3 Bxc3 
9.bxc3 Qc7 10.cxd5 exd5 11.Nd2 Ng4 12.g3 Re8 13.Re1 Bd7 14.Nf1 Rac8 15.f3 
Nf6 16.g4 h6 17.Ng3 cxd4 18.cxd4 Na5 19.Kg2 Qc3 20.Ra2 Nc4 21.a4 g6 22.h4 
Kg7 23.Kf2 Re7 24.Bf1 b5 25.axb5 Bxb5 26.e4 dxe4 27.fxe4 a6 28.g5 Ng8 29.
Bxc4 Qxc4 30.Rd2 hxg5 31.hxg5 Rd7 32.d5 f6 33.Bb2 Kf7 34.gxf6 Nxf6 35.Qf3 
Kg8 36.Bxf6 Rf7 37.e5 a5 38.Rh1 Qc5+ 39.Qe3 Qxe3+ 40.Kxe3 Rc3+ 41.Kf2 Rh7 
42.Rxh7 Kxh7 43.Ne4 1-0

[Event "27th Rilton Cup"]
[Site "Stockholm SWE"]
[Date "1998.??.??"]
[Round "6.8"]
[White "Ernst, Thomas"]
[Black "Ulybin, Mikhail"]
[Result "0-1"]
[WhiteElo "2410"]
[BlackElo "2535"]
[EventDate "1997.12.??"]
[PlyCount "80"]

1.e4 e6 2.d4 d5 3.Nc3 Nf6 4.e5 Nfd7 5.f4 c5 6.Nf3 Qb6 7.Be3 Nc6 8.Na4 Qa5+
9.c3 c4 10.b4 Qc7 11.Be2 Be7 12.a3 a5 13.O-O f5 14.h3 Nd8 15.g4 Nf8 16.Qc2
Ng6 17.g5 h6 18.h4 hxg5 19.hxg5 Kf7 20.Rfb1 Bd7 21.Kf2 b6 22.Bd1 Nb7 23.
Qc1 Rh1 24.Nb2 Rah8 25.Ke2 R8h3 26.Qd2 Qd8 27.Bc2 Rxb1 28.Rxb1 Qh8 29.Kf2 
Nh4 30.Bd1 Nxf3 31.Bxf3 Qh4+ 32.Ke2 Rh2+ 33.Kd1 Rxd2+ 34.Kxd2 Qh2+ 35.Be2 
axb4 36.axb4 Bxb4 37.Nd1 Ba5 38.Nf2 Qg3 39.Rc1 b5 40.Nh1 Qg2 0-1

[Event "27th Rilton Cup"]
[Site "Stockholm SWE"]
[Date "1998.??.??"]
[Round "6.10"]
[White "David, Alberto"]
[Black "Nouro, Mikael"]
[Result "1-0"]
[WhiteElo "2460"]
[BlackElo "2315"]
[EventDate "1997.12.??"]
[PlyCount "77"]

1.e4 g6 2.d4 Bg7 3.Nc3 d6 4.f4 Nf6 5.Nf3 O-O 6.a3 c6 7.Be2 Nbd7 8.e5 Nd5 
9.Ne4 b5 10.a4 b4 11.h4 a5 12.h5 N7b6 13.Nfg5 h6 14.Nf3 Bf5 15.Nf2 Qd7 16.
Nh4 b3 17.Nxf5 Qxf5 18.c3 dxe5 19.fxe5 g5 20.Bd3 Qe6 21.Ne4 Nf4 22.Bxf4 
gxf4 23.Nc5 Qc8 24.O-O Nd5 25.Qe2 f5 26.Bc4 e6 27.Bxb3 Rb8 28.Bxd5 cxd5 
29.Rxf4 Rf7 30.Raf1 Bf8 31.Nd3 Rg7 32.R4f2 Be7 33.Kh1 Qe8 34.Nf4 Bg5 35.
Ng6 Qxa4 36.g4 Rxg6 37.hxg6 f4 38.Qa6 Qe8 39.Qa7 1-0

[Event "27th Rilton Cup"]
[Site "Stockholm SWE"]
[Date "1998.??.??"]
[Round "6.11"]
[White "Seeman, Tarvo"]
[Black "Cramling, Dan"]
[Result "1-0"]
[WhiteElo "2395"]
[BlackElo "2445"]
[EventDate "1997.12.??"]
[PlyCount "73"]

1.e4 c5 2.Nf3 e6 3.d3 Nc6 4.g3 d5 5.Qe2 Nge7 6.Bg2 g6 7.h4 h6 8.O-O Bg7 9.
Re1 e5 10.exd5 Nxd5 11.c3 O-O 12.Nbd2 Re8 13.a4 Bf5 14.Ne4 Qe7 15.Nfd2 Be6
16.Nc4 Rad8 17.a5 b5 18.axb6 axb6 19.Qc2 f5 20.Ned2 b5 21.Na5 Nxa5 22.Rxa5
Nc7 23.Ra7 Qd6 24.d4 Bd5 25.dxe5 Qb6 26.Bxd5+ Rxd5 27.Ra1 Rdxe5 28.Rxe5 
Rxe5 29.Nf3 Re4 30.Qb3+ c4 31.Qc2 Qe6 32.Bf4 Nd5 33.Ra8+ Kh7 34.Bd2 f4 35.
h5 fxg3 36.fxg3 Qf7 37.Nh4 1-0

[Event "27th Rilton Cup"]
[Site "Stockholm SWE"]
[Date "1998.??.??"]
[Round "6.12"]
[White "Lindberg, Bengt"]
[Black "Ornstein, Axel"]
[Result "0-1"]
[WhiteElo "2320"]
[BlackElo "2430"]
[EventDate "1997.12.??"]
[PlyCount "82"]

1.e4 c5 2.Nf3 e6 3.d4 cxd4 4.Nxd4 a6 5.Bd3 Nf6 6.c4 d6 7.Nc3 Nbd7 8.b3 b6 
9.O-O Bb7 10.Qe2 Qc7 11.Bb2 g6 12.Rad1 Bg7 13.Bb1 O-O 14.Kh1 Rfe8 15.f4 
Rad8 16.Ndb5 axb5 17.Nxb5 Qb8 18.Nxd6 e5 19.Nxe8 Rxe8 20.Qf3 Qc7 21.a3 h5 
22.fxe5 Nxe5 23.Qf4 Nfg4 24.Qg3 h4 25.Bxe5 Nxe5 26.Qxh4 Bf8 27.a4 Be7 28.
Qf4 Kg7 29.h3 Rh8 30.Rf2 Rh4 31.Qg3 Bxe4 32.Rdf1 Qc5 33.Bxe4 Rxe4 34.Qc3 
f5 35.Qd2 Rd4 36.Qc2 Qd6 37.Re2 Bf6 38.Qc1 Nd3 39.Qe3 Nc5 40.Qf3 Ne4 41.
Re3 Bg5 0-1

[Event "27th Rilton Cup"]
[Site "Stockholm SWE"]
[Date "1998.??.??"]
[Round "6.13"]
[White "Taimanov, Mark"]
[Black "Manninen, Marko"]
[Result "0-1"]
[WhiteElo "2425"]
[BlackElo "2365"]
[EventDate "1997.12.??"]
[PlyCount "114"]

1.Nf3 g6 2.d4 Bg7 3.e4 d6 4.c3 Nf6 5.Nbd2 O-O 6.a4 c5 7.dxc5 dxc5 8.Bc4 
Nc6 9.O-O Nd7 10.Qc2 Nb6 11.Be2 Na5 12.Rd1 Qc7 13.Nb3 Nxb3 14.Qxb3 Be6 15.
Qc2 h6 16.g3 Rad8 17.Bf4 Qc8 18.h4 Nc4 19.Rxd8 Rxd8 20.a5 Qc6 21.Ne1 b6 
22.axb6 axb6 23.Ra7 Rd7 24.Rxd7 Qxd7 25.Ng2 Na5 26.Ne3 Bb3 27.Qc1 e5 28.
Bxe5 Bxe5 29.Ng4 Bg7 30.Nxh6+ Bxh6 31.Qxh6 Bd1 32.Bf1 Bg4 33.Qf4 Nc6 34.
Kh2 Nd8 35.h5 gxh5 36.f3 Be6 37.Qg5+ Kf8 38.Qxh5 Qd2+ 39.Bg2 Nc6 40.f4 Ke8
41.f5 Bc4 42.Kh3 Kd7 43.Qh8 Qg5 44.Kh2 Qd2 45.Kh3 Kc7 46.g4 Qe3+ 47.Kh4 
Qf2+ 48.Kh3 Bf1 49.Bxf1 Qxf1+ 50.Kg3 Qd3+ 51.Kf4 Qd2+ 52.Kf3 Qd6 53.Qe8 
Ne5+ 54.Kg2 Qd2+ 55.Kh3 Qxc3+ 56.Kh4 Nf3+ 57.Kg3 Ne1+ 0-1

[Event "27th Rilton Cup"]
[Site "Stockholm SWE"]
[Date "1998.??.??"]
[Round "6.15"]
[White "Hillarp Persson, Tiger"]
[Black "Backe, Peter"]
[Result "1/2-1/2"]
[WhiteElo "2445"]
[BlackElo "2270"]
[EventDate "1997.12.??"]
[PlyCount "81"]

1.d4 Nf6 2.c4 e6 3.Nc3 Bb4 4.Qc2 O-O 5.a3 Bxc3+ 6.Qxc3 b6 7.Bg5 Bb7 8.Nf3 
d6 9.Nd2 Nbd7 10.f3 c5 11.e4 Re8 12.Bd3 Qc7 13.O-O cxd4 14.Qxd4 Qc5 15.Be3
e5 16.Qxc5 dxc5 17.b4 a5 18.Rfb1 axb4 19.axb4 Rxa1 20.Rxa1 Ra8 21.Rxa8+ 
Bxa8 22.bxc5 Nxc5 23.Bc2 Kf8 24.Nb1 Ne8 25.Bd1 Nd6 26.Be2 Bb7 27.Nc3 Ba6 
28.Nb5 Ke7 29.Kf2 Kd7 30.Ke1 Kc6 31.Nxd6 Kxd6 32.Kd2 Bc8 33.Kc3 f6 34.Bd1 
Bd7 35.Bc2 g5 36.Bc1 h5 37.Ba3 h4 38.Kd2 Be6 39.Bd3 Kc6 40.Be2 Kd7 41.Ke3 
1/2-1/2

[Event "27th Rilton Cup"]
[Site "Stockholm SWE"]
[Date "1998.??.??"]
[Round "7.1"]
[White "Khenkin, Igor"]
[Black "Hellsten, Johan"]
[Result "1/2-1/2"]
[WhiteElo "2550"]
[BlackElo "2495"]
[EventDate "1997.12.??"]
[PlyCount "37"]

1.d4 d5 2.c4 c6 3.Nf3 Nf6 4.Nc3 a6 5.a4 g6 6.Bg5 Bg7 7.e3 Ne4 8.Bh4 O-O 9.
Qb3 dxc4 10.Bxc4 Nd6 11.a5 c5 12.dxc5 Nxc4 13.Qxc4 Be6 14.Qe4 Nd7 15.O-O 
Bxc3 16.bxc3 Nxc5 17.Qb4 Rc8 18.Rfd1 Qe8 19.Nd4 1/2-1/2

[Event "27th Rilton Cup"]
[Site "Stockholm SWE"]
[Date "1998.??.??"]
[Round "7.2"]
[White "Bezold, Michael"]
[Black "Agrest, Evgenij"]
[Result "0-1"]
[WhiteElo "2490"]
[BlackElo "2505"]
[EventDate "1997.12.??"]
[PlyCount "102"]

1.e4 d6 2.g3 g6 3.Bg2 Bg7 4.Ne2 c5 5.O-O Nc6 6.c3 e5 7.Na3 Nge7 8.Nc2 b6 
9.b4 O-O 10.a4 Be6 11.d3 cxb4 12.Nxb4 Nxb4 13.cxb4 d5 14.Bb2 d4 15.Qd2 Nc6
16.Ba3 Re8 17.Rfb1 Qd7 18.Nc1 Rec8 19.Bf3 Rc7 20.Bd1 Rac8 21.Ne2 Bg4 22.
Ra2 Bf3 23.Nc1 Bxd1 24.Qxd1 Nd8 25.Ne2 Qe6 26.Qb3 Bh6 27.Kg2 Qxb3 28.Rxb3 
Ne6 29.b5 Rc2 30.Rbb2 Rxb2 31.Rxb2 Bf8 32.Bxf8 Kxf8 33.Ra2 Rc5 34.f4 f6 
35.f5 Nd8 36.Kf2 Nb7 37.g4 g5 38.Ke1 Rc7 39.Kd2 Na5 40.Nc1 h5 41.h3 hxg4 
42.hxg4 Nb7 43.Kd1 Rc3 44.Rh2 Kg7 45.Ra2 Nc5 46.Kd2 Kf8 47.Ra1 Ke8 48.Ra2 
Kd8 49.Ra1 Kc7 50.Ra2 Kd6 51.Ra1 Rxc1 0-1

[Event "27th Rilton Cup"]
[Site "Stockholm SWE"]
[Date "1998.??.??"]
[Round "7.4"]
[White "Ulybin, Mikhail"]
[Black "Hector, Jonny"]
[Result "1/2-1/2"]
[WhiteElo "2535"]
[BlackElo "2470"]
[EventDate "1997.12.??"]
[PlyCount "21"]

1.e4 e5 2.Nf3 Nc6 3.Bb5 a6 4.Ba4 Nf6 5.O-O Bc5 6.Nxe5 Nxe5 7.d4 b5 8.Bb3 
Bxd4 9.Qxd4 d6 10.c3 Bb7 11.f3 1/2-1/2

[Event "27th Rilton Cup"]
[Site "Stockholm SWE"]
[Date "1998.??.??"]
[Round "7.5"]
[White "Ornstein, Axel"]
[Black "Aakesson, Ralf"]
[Result "1/2-1/2"]
[WhiteElo "2430"]
[BlackElo "2520"]
[EventDate "1997.12.??"]
[PlyCount "25"]

1.b4 b6 2.Bb2 Bb7 3.e3 Nf6 4.Nf3 e6 5.b5 a6 6.a4 axb5 7.axb5 Rxa1 8.Bxa1 
d6 9.Be2 Nbd7 10.c4 Qa8 11.Nc3 Be7 12.O-O O-O 13.Bb2 1/2-1/2

[Event "27th Rilton Cup"]
[Site "Stockholm SWE"]
[Date "1998.??.??"]
[Round "7.7"]
[White "Gdanski, Jacek"]
[Black "David, Alberto"]
[Result "1-0"]
[WhiteElo "2505"]
[BlackElo "2460"]
[EventDate "1997.12.??"]
[PlyCount "57"]

1.e4 c5 2.Nc3 Nc6 3.f4 g6 4.Nf3 Bg7 5.Bb5 Nd4 6.a4 e6 7.Nxd4 cxd4 8.Ne2 
Ne7 9.c3 a6 10.Bd3 Nc6 11.O-O O-O 12.Re1 b6 13.b3 f5 14.e5 dxc3 15.dxc3 g5
16.Nd4 Bb7 17.Qh5 gxf4 18.Nxc6 Bxc6 19.Bxf4 Qe8 20.Qxe8 Rfxe8 21.Rad1 Red8
22.c4 Rdc8 23.h3 b5 24.axb5 axb5 25.cxb5 Bd5 26.Be2 Rc3 27.Rd3 Rac8 28.
Red1 Rxb3 29.Rxd5 1-0

[Event "27th Rilton Cup"]
[Site "Stockholm SWE"]
[Date "1998.??.??"]
[Round "7.8"]
[White "Manninen, Marko"]
[Black "Petronic, Jovan"]
[Result "0-1"]
[WhiteElo "2365"]
[BlackElo "2490"]
[EventDate "1997.12.??"]
[PlyCount "126"]

1.d4 Nf6 2.c4 a6 3.Nc3 c5 4.d5 b5 5.Bg5 b4 6.Bxf6 exf6 7.Nb1 f5 8.e3 d6 9.
Bd3 g6 10.Nd2 Bg7 11.Qc2 a5 12.Ne2 a4 13.Rb1 b3 14.axb3 Na6 15.Qd1 Nb4 16.
Nc1 axb3 17.O-O Bd7 18.Ndxb3 O-O 19.Nd2 Qb6 20.Bc2 Rfb8 21.Bb3 Ra6 22.Ne2 
Qb7 23.Nc3 Rb6 24.Na4 Bxa4 25.Bxa4 Ra6 26.Bb5 Ra2 27.Qb3 Qa7 28.e4 f4 29.
Nf3 Qe7 30.Rfe1 Be5 31.h3 Rba8 32.Bc6 R8a7 33.Re2 Qf6 34.Bb5 Ra8 35.Bc6 
R8a6 36.Bb5 Ra7 37.Kf1 Kg7 38.Bc6 R7a6 39.Bb5 Ra8 40.Bc6 R8a7 41.Bb5 Ra1 
42.Ree1 Rxb1 43.Rxb1 Ra2 44.Nxe5 Qxe5 45.Qc3 Qxc3 46.bxc3 Nd3 47.Kg1 Kf6 
48.Be8 Ra8 49.Bc6 Ra3 50.Kf1 Rxc3 51.Rb7 Rxc4 52.Ke2 Ne5 53.f3 Rc2+ 54.Kf1
Kg5 55.Re7 c4 56.Bb5 Rb2 57.Rxe5+ dxe5 58.Bxc4 Rd2 59.d6 Rxd6 60.Bxf7 Rd2 
61.Kg1 h5 62.Be6 Rd1+ 63.Kh2 h4 0-1

[Event "27th Rilton Cup"]
[Site "Stockholm SWE"]
[Date "1998.??.??"]
[Round "7.9"]
[White "Wedberg, Tom"]
[Black "Hermansson, Emil"]
[Result "1/2-1/2"]
[WhiteElo "2485"]
[BlackElo "2275"]
[EventDate "1997.12.??"]
[PlyCount "58"]

1.e4 c5 2.Nf3 Nc6 3.d4 cxd4 4.Nxd4 Nf6 5.Nc3 e5 6.Ndb5 d6 7.Nd5 Nxd5 8.
exd5 Nb8 9.c4 Be7 10.Bd3 O-O 11.O-O f5 12.f3 Nd7 13.Be3 a6 14.Nc3 Bg5 15.
Bf2 Qe7 16.b4 b6 17.Qb3 Rb8 18.Rad1 h5 19.Qc2 g6 20.Rfe1 Kh7 21.Na4 e4 22.
fxe4 f4 23.c5 Bh4 24.Nxb6 Ne5 25.cxd6 Bxf2+ 26.Qxf2 Qf6 27.Nxc8 Rbxc8 28.
Bxa6 Ra8 29.Be2 Rxa2 1/2-1/2

[Event "27th Rilton Cup"]
[Site "Stockholm SWE"]
[Date "1998.??.??"]
[Round "7.12"]
[White "Brynell, Stellan"]
[Black "Engqvist, Thomas"]
[Result "1-0"]
[WhiteElo "2465"]
[BlackElo "2355"]
[EventDate "1997.12.??"]
[PlyCount "83"]

1.e4 c6 2.d4 d5 3.Nc3 dxe4 4.Nxe4 Nd7 5.Nf3 Ngf6 6.Ng3 e6 7.Bd3 c5 8.O-O 
cxd4 9.Nxd4 Bc5 10.Be3 Qc7 11.Re1 O-O 12.c3 b6 13.Nh5 Bb7 14.Bg5 Bxd4 15.
cxd4 Qc6 16.Bf1 Kh8 17.Re3 Qd5 18.Nxf6 gxf6 19.Bh4 Rg8 20.Bg3 Rac8 21.f3 
Rgd8 22.Bf2 Nf8 23.b3 Ng6 24.Re1 Ne7 25.Qd2 Nf5 26.Rad1 Rg8 27.Be2 Rg6 28.
Kh1 Rcg8 29.Rg1 Qd6 30.g3 Rd8 31.g4 Ne7 32.Bg3 Qd5 33.Qf4 Qd7 34.h3 Nd5 
35.Qd2 Rgg8 36.Kh2 Rc8 37.Bd3 f5 38.gxf5 exf5 39.Qh6 Rg6 40.Be5+ Kg8 41.
Rxg6+ fxg6 42.Bxf5 1-0

[Event "27th Rilton Cup"]
[Site "Stockholm SWE"]
[Date "1998.??.??"]
[Round "7.13"]
[White "Bator, Robert"]
[Black "Trygstad, Kristian"]
[Result "1/2-1/2"]
[WhiteElo "2430"]
[BlackElo "2160"]
[EventDate "1997.12.??"]
[PlyCount "82"]

1.d4 Nf6 2.Nf3 g6 3.c4 Bg7 4.g3 O-O 5.Bg2 d6 6.O-O Nbd7 7.Nc3 e5 8.h3 exd4
9.Nxd4 Re8 10.b3 a6 11.Bb2 Rb8 12.Rc1 c5 13.Nf3 Qe7 14.a4 Ne5 15.Nxe5 Qxe5
16.Rc2 Qe7 17.Rd2 Bf8 18.Qa1 Be6 19.Rfd1 Qd7 20.Kh2 Bf5 21.e3 h5 22.Re1 
Bh6 23.Qd1 Rbd8 24.Nd5 Nxd5 25.Rxd5 Be6 26.Rd3 Qc7 27.Qf3 Bf5 28.Rd5 Bg7 
29.Bxg7 Kxg7 30.Rxf5 gxf5 31.Qxf5 Re5 32.Qd3 Qd7 33.f4 Ree8 34.Qd5 Rh8 35.
Qg5+ Kf8 36.Qf6 Kg8 37.f5 Re8 38.Qg5+ Kf8 39.Bd5 Re5 40.Qf6 Rh7 41.e4 Qe7 
1/2-1/2

[Event "27th Rilton Cup"]
[Site "Stockholm SWE"]
[Date "1998.??.??"]
[Round "7.14"]
[White "Holving, Rasmus"]
[Black "Hillarp Persson, Tiger"]
[Result "0-1"]
[WhiteElo "2085"]
[BlackElo "2445"]
[EventDate "1997.12.??"]
[PlyCount "100"]

1.e4 c5 2.Nf3 e6 3.Nc3 a6 4.a4 Nc6 5.d4 cxd4 6.Nxd4 Qc7 7.g3 Nf6 8.Bg2 
Nxd4 9.Qxd4 Bc5 10.Qd3 d6 11.O-O Bd7 12.Bf4 Ng4 13.Qe2 Ne5 14.Kh1 O-O 15.
Rad1 Rab8 16.Qh5 b5 17.axb5 axb5 18.Ne2 b4 19.Nd4 Ba4 20.b3 Bd7 21.Rd2 Bc8
22.Rfd1 Rb6 23.Nf3 Ng6 24.e5 Nxf4 25.gxf4 h6 26.Rg1 Bb7 27.h3 Rd8 28.Kh2 
Kf8 29.f5 exf5 30.Qxf5 Re8 31.Qh7 dxe5 32.Qh8+ Ke7 33.Qxg7 Rf6 34.Re1 e4+ 
35.Kh1 Qf4 36.Qg3 Qxg3 37.fxg3 Kf8 38.Nh4 e3 39.Rd7 Bxg2+ 40.Nxg2 Rf2 41.
Rc7 Re5 42.Rc8+ Kg7 43.Nf4 Rxc2 44.Nd3 Rd5 45.Nxc5 Rdxc5 46.Rb8 Rf5 47.
Rxb4 Rff2 48.Re4 Rh2+ 49.Kg1 Rcg2+ 50.Kf1 Rf2+ 0-1

[Event "27th Rilton Cup"]
[Site "Stockholm SWE"]
[Date "1998.??.??"]
[Round "8.1"]
[White "Hermansson, Emil"]
[Black "Smyslov, Vassily"]
[Result "1/2-1/2"]
[WhiteElo "2275"]
[BlackElo "2480"]
[EventDate "1997.12.??"]
[PlyCount "94"]

1.e4 c5 2.Nf3 e6 3.d4 cxd4 4.Nxd4 a6 5.Bd3 g6 6.O-O Bg7 7.Nf3 Ne7 8.c4 O-O
9.Nc3 Nbc6 10.Bf4 d5 11.e5 dxc4 12.Bxc4 b5 13.Bd3 Bb7 14.Be4 Qxd1 15.Rfxd1
Rfd8 16.Rd6 b4 17.Na4 Na5 18.Bxb7 Nxb7 19.Rb6 Nd5 20.Rxb7 Nxf4 21.Rxb4 Nd3
22.Re4 Rac8 23.g3 Rc2 24.Rd1 Rd5 25.Ne1 Rc1 26.Rxc1 Nxc1 27.Rc4 Nxa2 28.f4
Bf8 29.Nc2 g5 30.Ne3 Rd3 31.Ng4 gxf4 32.gxf4 Kg7 33.Kf2 Nb4 34.Nc3 Nd5 35.
Ke2 Rh3 36.Nxd5 exd5 37.Rc7 Kg6 38.f5+ Kg5 39.Rxf7 Bc5 40.Rc7 Kxg4 41.Rxc5
Kxf5 42.Rxd5 Rxh2+ 43.Ke3 Rxb2 44.Rd6 a5 45.e6 Rb5 46.Kd4 Kf6 47.e7+ Kxe7 
1/2-1/2

[Event "27th Rilton Cup"]
[Site "Stockholm SWE"]
[Date "1998.??.??"]
[Round "8.5"]
[White "Agrest, Evgenij"]
[Black "Gdanski, Jacek"]
[Result "1/2-1/2"]
[WhiteElo "2505"]
[BlackElo "2505"]
[EventDate "1997.12.??"]
[PlyCount "137"]

1.d4 Nf6 2.c4 g6 3.Nc3 Bg7 4.e4 d6 5.h3 O-O 6.Bg5 Qe8 7.Nge2 e5 8.d5 a5 9.
g4 Na6 10.Ng3 Nd7 11.h4 Ndc5 12.Be2 Bd7 13.Qd2 Nb4 14.h5 c6 15.Kf1 cxd5 
16.cxd5 f6 17.Be3 Rc8 18.Rh2 Kf7 19.Kg2 Rh8 20.Rh4 g5 21.Rh2 Nba6 22.Qd1 
Bf8 23.Qf1 Qd8 24.f3 Na4 25.Nxa4 Bxa4 26.Bxa6 bxa6 27.Qxa6 Be7 28.Nf5 Ra8 
29.Qd3 Qd7 30.Kg3 Rhc8 31.Qa3 Bb5 32.Rc1 Rxc1 33.Bxc1 Rc8 34.Bd2 a4 35.Bb4
Qa7 36.Qe3 Qa6 37.Rh1 Rc4 38.a3 Ke8 39.Rc1 Kd7 40.Rxc4 Bxc4 41.Qc3 Qb6 42.
Kg2 Bb5 43.Ba5 Qb7 44.Ng7 Qc8 45.Qxc8+ Kxc8 46.Nf5 Kd7 47.Kf2 Bc4 48.Ke1 
Bf8 49.Kd2 Kc8 50.Ne3 Bb5 51.Nd1 Bc4 52.Nc3 Bb3 53.Kd3 Be7 54.Nb5 Kd7 55.
Ke3 Bc4 56.Na7 Bb3 57.Nc6 Bd1 58.Kf2 Ke8 59.Bb6 Kd7 60.Na5 Kc8 61.Nc4 Kd7 
62.Ne3 Bb3 63.Ke2 Bf8 64.Kd2 Be7 65.Ba5 Bf8 66.Kc1 Be7 67.Nf1 Bc4 68.Nd2 
Be2 69.Kc2 1/2-1/2

[Event "27th Rilton Cup"]
[Site "Stockholm SWE"]
[Date "1998.??.??"]
[Round "8.7"]
[White "Brynell, Stellan"]
[Black "Ulybin, Mikhail"]
[Result "1/2-1/2"]
[WhiteElo "2465"]
[BlackElo "2535"]
[EventDate "1997.12.??"]
[PlyCount "26"]

1.e4 e6 2.d4 d5 3.Nd2 Nf6 4.e5 Nfd7 5.c3 c5 6.Bd3 Nc6 7.Ne2 cxd4 8.cxd4 f6
9.exf6 Nxf6 10.O-O Bd6 11.Nf3 O-O 12.Bf4 Bxf4 13.Nxf4 Qd6 1/2-1/2